奈良県の市町村(1968年) - Statistics

General Stats
  • This quiz has been taken 15 times
  • The average score is 37 of 47
Answer Stats
コード 市町村 備考 % Correct
29201 奈良市
100%
29202 大和高田市
91%
29203 大和郡山市
91%
29204 天理市
91%
29205 橿原市
91%
29206 桜井市
91%
29208 御所市
91%
29207 五條市
82%
29322 山辺郡山添村
82%
29341 生駒郡生駒町 1971年昇格
82%
29342 生駒郡平群村 1971年昇格
82%
29344 生駒郡斑鳩町
82%
29361 磯城郡川西村 1975年昇格
82%
29362 磯城郡三宅村 1974年昇格
82%
29363 磯城郡田原本町
82%
29383 宇陀郡榛原町 2006年消滅
82%
29423 北葛城郡香芝町 1991年昇格
82%
29425 北葛城郡王寺町
82%
29427 北葛城郡河合村 1971年昇格
82%
29441 吉野郡吉野町
82%
29443 吉野郡下市町
82%
29444 吉野郡黒滝村
82%
29445 吉野郡西吉野村 2005年消滅
82%
29446 吉野郡天川村
82%
29447 吉野郡野迫川村
82%
29449 吉野郡十津川村
82%
29450 吉野郡下北山村
82%
29451 吉野郡上北山村
82%
29452 吉野郡川上村
82%
29453 吉野郡東吉野村
82%
29321 山辺郡都祁村 2005年消滅
73%
29343 生駒郡三郷町
73%
29345 生駒郡安堵村 1986年昇格
73%
29381 宇陀郡大宇陀町 2006年消滅
73%
29382 宇陀郡菟田野町 2006年消滅
73%
29384 宇陀郡室生村 2006年消滅
73%
29385 宇陀郡曽爾村
73%
29386 宇陀郡御杖村
73%
29401 高市郡高取町
73%
29402 高市郡明日香村
73%
29421 北葛城郡新庄町 2004年消滅
73%
29422 北葛城郡當麻町 2004年消滅
73%
29424 北葛城郡上牧村 1972年昇格
73%
29426 北葛城郡広陵町
73%
29442 吉野郡大淀町
73%
29448 吉野郡大塔村 2005年消滅
73%
29301 添上郡月ケ瀬村 2005年消滅
45%
No matching quizzes found
Score Distribution
Percent of People with Each Score
Percentile by Number Answered
Your Score History
You have not taken this quiz